Las aventuras de Sherloch Holmes / (Registro nro. 8729)
[ vista simple ]
| 000 -LIDER | |
|---|---|
| fixed length control field | 00770nam a22002657a 4500 |
| 001 - NÚMERO DE CONTROL | |
| Identificador de número de control | 0074 |
| 003 - IDENTIFICACDOR DE NÚMERO DE CONTROL | |
| control field | DO-SdBNP |
| 005 - DATE AND TIME OF LATEST TRANSACTION | |
| control field | 20230703123644.0 |
| 007 - CAMPOS FIJOS DE DESCRIPCIÓN FÍSICA | |
| fixed length control field | 0074 |
| 008 - ELEMENTOS DE LONGITUD FIJA | |
| fixed length control field | 151116b2009 sp 00| 0 spa d |
| 020 ## - ISBN | |
| International Standard Book Number | 9788497643658 |
| 040 ## - FUENTE DE CATALOGACIÓN | |
| Agencia que crea de manera original el registro | BPMSU |
| Idioma de catalogación | spa |
| Agencia que realiza la transcripción | BPMSU |
| 082 #4 - NÚMERO DE CLASIFICACIÓN DECIMAL DE DEWEY | |
| Classification number | 823.91 |
| Item number | D754a 2009 |
| Edition number | 22 |
| 100 1# - ASIENTO PRINCIPAL -- NOMBRE PERSONAL | |
| Nombre personal | Conan Doyle, Arthur, |
| Término de relación | 1859-1930 |
| 245 14 - MENCIÓN DE TITULO | |
| Título | Las aventuras de Sherloch Holmes / |
| Mención de responsabilidad | Arthur Conan Doyle |
| 260 ## - PUBLICACIÓN, DISTRIBUCIÓN, ETC. (PIE DE IMPRENTA) | |
| Lugar de publicación, distribución, etc | Madrid : |
| Nombre del editor, distribuidor, etc. | Edimat Libros, |
| Fecha de publicación, distribución, etc | 2009 |
| 300 ## - DESCRIPCIÓN FÍSICA | |
| Extensión | 188 p. ; |
| Dimensiones | 19 cm. |
| 490 0# - MENCIÓN DE SERIES | |
| Mención de serie | Clásicos de la literatura ; |
| -- | Narrativa |
| 590 ## - NOTA LOCAL | |
| Enlace | Inventariado, 2023/VM |
| 650 #4 - ENCABEZAMIENTO DE MATERIA--TEMÁTICO | |
| Término temático o nombre geográfico como elemento de entrada | Novela inglesa |
| 650 #4 - ENCABEZAMIENTO DE MATERIA--TEMÁTICO | |
| Término temático o nombre geográfico como elemento de entrada | Novela de aventuras |
| 650 #4 - ENCABEZAMIENTO DE MATERIA--TEMÁTICO | |
| Término temático o nombre geográfico como elemento de entrada | Literatura inglesa |
| 910 ## - VALIDACIÓN | |
| Validación | BTavarez/VMateo V. Control de calidad (BPMSU) |
| 942 ## - ADDED ENTRY ELEMENTS (KOHA) | |
| Source of classification or shelving scheme | Dewey Decimal Classification |
| Koha item type | Libros |
| Withdrawn status | Lost status | Source of classification or shelving scheme | Damaged status | Not for loan | Home library | Current library | Date acquired | Source of acquisition | Full call number | Barcode | Date last seen | Price effective from | Koha item type |
|---|---|---|---|---|---|---|---|---|---|---|---|---|---|
| Dewey Decimal Classification | Biblioteca Pública Metropolitana Salomé Ureña | Biblioteca Pública Metropolitana Salomé Ureña | 11/16/2015 | Donación | BPMSU CG 823.91 D754a 2009 | BPMSU15110287 | 11/16/2015 | 11/16/2015 | Libros |